Développement durable les grandes questions

Gespeichert in:
Bibliographische Detailangaben
Format: Buch
Sprache:Französisch
Veröffentlicht: Paris OCDE 2001
Schriftenreihe:Développement durable
Schlagworte:
Tags: Tag hinzufügen
Keine Tags, Fügen Sie das erste Tag hinzu!

MARC

LEADER 00000nam a2200000 4500
001 c130278
005 20221221091443.2
020 |a 92-64-28695-0 
041 0 |a fre 
044 |a FR 
245 1 0 |a Développement durable  |b les grandes questions 
264 1 |a Paris  |b OCDE  |c 2001 
300 |a 552 s. 
490 1 |a Développement durable 
830 0 |a Développement durable 
610 2 0 |a rast hospodársky 
610 2 0 |a vývoj hospodársky 
610 2 0 |a politika environmentálna 
610 2 0 |a politika sociálna 
610 2 0 |a technológia 
610 2 0 |a výskum ekonomický 
610 2 0 |a globalizácia 
610 2 0 |a obchod medzinárodný 
610 2 0 |a investície 
610 2 0 |a zdroje prírodné 
610 2 0 |a podnebie 
610 2 0 |a energia 
610 2 0 |a doprava 
610 2 0 |a poľnohospodárstvo 
610 2 0 |a výroba 
610 2 0 |a rozvoj územný 
610 2 0 |a svet 
610 2 0 |a OECD